000 01215nam0a2200325 4500
001 RU\NLR\BIBL_A\022769736
005 20260622000011.0
010 _a978-5-98344-864-3
_9500
021 _aRU
_bКН-П-26-008228
_9КН-П-26-0788
035 _a(NLR Aleph) 022769736
090 _a13732696
_c13732696
100 _a20260330d2026 u y0rusy50 ca
101 0 _arus
102 _aRU
105 _aa|||z|||000gy
181 0 _ab3
_bxb2e
181 0 _ai2
_baxxe
182 0 _an
200 1 _aПосвящение лентяям
_eкак бороться с ленью
_eстихи
_fЕлена Лапицкая
_gхудожники: Николай Макушкин [и др.]
203 _aИзображение
_aТекст
_bвизуальные
_cнепосредственные
210 _aСаранск
_c[б. и.]
_d2026
215 _a39, [1] с.
_cцв. ил.
_d22
686 0 _aШ9(2)60=Р7-5
700 1 _aЛапицкая
_bЕ. Ф.
_gЕлена Федоровна
702 1 _aМакушкин
_bН. С.
_gНиколай Степанович
_4040
942 _cBOOK
980 _aNB